Philophie de la valeur.

Guardado en:
Detalles Bibliográficos
Autor principal: Ruyer, Raymond (autor)
Formato: Libro
Idioma:Francés
Colección:(Collection Armand Colin)
Temas:
Etiquetas: Agrega una etiqueta
Sin etiquetas, Sé el primero en etiquetar este registro!

MARC

LEADER 00000cam^a2200000uu^4500
001 000468202
005 20250521000000.0
008 050901s1952^^^^^^^^^^^^rd^r^^000^0^fre^d
009 20260310124504.548
035 |a FCE 000010937 
035 |a FCE 033065 
037 |a Acervo ITESO - Biblioteca 
041 |a FRA 
082 0 4 |a 121  |b RUYp 
100 |a Ruyer, Raymond  |e (autor) 
245 1 0 |a Philophie de la valeur. 
264 |a Paris :  |b Armand Colin,  |c 1952. 
300 |a 215 p. 
336 |a texto  |b txt  |2 rdacontenido 
337 |a sin mediación  |b n  |2 rdamedio 
338 |a volumen  |b nc  |2 rdasoporte 
440 0 |a (Collection Armand Colin) 
649 |a XX 
650 |a Teoría 
650 |a Filosofía 
650 |a Valor 
910 |a Fondo Centro de Estudios Educativos 
920 |a Impresos - Libros 
930 |a Fondos Especiales 
905 |a 133 
901 |a ALE033065  |b IT2  |c CEE  |u 20250521 
902 |a https://opac.biblio.iteso.mx/vufind/Record/000468202